00415cam a22000977a 4500008004000000082002000040245013900060260005400199300001100253700005300264180718b1982 xxu||||| |||| 00| 0 eng d aI5135x5451 AR/T aTwenty point programme: organisation and management systems framework for reformscby Administrative Reforms Committee, Andhra Pradesh aHyderabadbAdministrative Reforms Committeec1982 a193+p. aAndhra Pradesh. Administrative Reforms Committee